000 00347nam a2200145Ia 4500
008 090122s9999 xx 000 0 und d
082 _b7425
_a891.463
100 _aकदम
_bबाबा
245 _aघायाळ
600 _aकदम
630 _aघायाळ
700 _aकदम
730 _aघायाळ
942 _cBOOK
999 _c31502
_d31502